[Event "GER-chT U10"]
[Site "Magdeburg"]
[Date "2021.08.07"]
[Round "5.1"]
[White "Lu, Yunong Elias"]
[Black "Dell, Philip"]
[Result "1-0"]
[WhiteElo "1557"]
[BlackElo "1218"]
[PlyCount "46"]
[EventDate "2021.08.06"]
[EventType "team-swiss"]
[EventRounds "7"]
[EventCountry "GER"]
[SourceTitle "EXT 2022"]
[Source "ChessBase"]
[SourceDate "2021.10.06"]
[SourceVersion "1"]
[SourceVersionDate "2021.10.06"]
[SourceQuality "1"]
[WhiteTeam "Hamburger SK"]
[BlackTeam "Duesseldorf SV"]
[WhiteTeamCountry "GER"]
[BlackTeamCountry "GER"]

1. e4 e5 2. Nf3 Nc6 3. Bb5 Nf6 4. d3 d6 5. 0-0 Bg4 6. Nbd2 a6 7. Ba4 Be7 8. c3 b5 9. Bc2 0-0 10. Re1 b4 11. Nf1 Qd7 12. h3 Bh5 13. Ng3 Bg6 14. cxb4 Nh5 15. a3 Nxg3 16. fxg3 f5 17. exf5 Qxf5 18. g4 Qf7 19. Bb3 d5 20. Qc2 Nd4 21. Nxd4 exd4 22. Bf4 Bh4 23. Rf1 Qe6 1-0